[Event "First Saturday 2009 november IM"]
[Site "Budapest"]
[Date "2009.11.14"]
[Round "8"]
[White "Erdelyi, Zombor"]
[Black "Lyell, Mark"]
[Result "1/2-1/2"]
[WhiteElo "2362"]
[BlackElo "2245"]
[PlyCount "113"]
[EventDate "2009.11.07"]

1. e4 e5 2. Nf3 Nc6 3. Bb5 f5 4. d3 Nf6 5. O-O fxe4 6. dxe4 Bc5 7. Qd3 Qe7 8.
Nc3 a6 9. Bc4 d6 10. Bg5 Be6 11. Bxe6 Qxe6 12. Nd5 O-O-O 13. Bxf6 gxf6 14. Nh4
Nb4 15. Nxb4 Bxb4 16. a3 Bc5 17. b4 Bb6 18. Nf5 Kb8 19. c4 Rd7 20. Rab1 c6 21.
b5 cxb5 22. cxb5 a5 23. Rfd1 Rc8 24. Ne3 Bxe3 25. Qxe3 d5 26. Qb3 Rc4 27. b6 d4
28. Qb5 Qc6 29. Qxa5 Ra4 30. Qe1 d3 31. Qe3 Rxe4 32. Qd2 Rc4 33. h3 Qc5 34. Qh6
Qd6 35. Qd2 Qd4 36. Qa5 Ra4 37. Qb5 Rxa3 38. Rb4 Qd5 39. Qxd5 Rxd5 40. g4 Rd6
41. Kg2 Ra6 42. Kf3 Raxb6 43. Rxb6 Rxb6 44. Rxd3 Kc7 45. h4 Rc6 46. Ra3 Kd6 47.
Rd3+ Ke6 48. Rb3 b6 49. Ke4 h5 50. gxh5 f5+ 51. Ke3 Kf6 52. Rb5 Re6 53. h6 Kg6
54. h7 Kxh7 55. f4 exf4+ 56. Kxf4 Re4+ 57. Kxf5 1/2-1/2

[Event "First Saturday 2009 november IM"]
[Site "Budapest"]
[Date "2009.11.14"]
[Round "8"]
[White "Turzo, Attila"]
[Black "Lengyel, Bela"]
[Result "1/2-1/2"]
[WhiteElo "2276"]
[BlackElo "2271"]
[PlyCount "34"]
[EventDate "2009.11.07"]

1. e4 e5 2. Nf3 Nc6 3. Bc4 Nf6 4. d3 Be7 5. Bb3 d6 6. c3 O-O 7. h3 a6 8. Nbd2
Na5 9. Bc2 c5 10. O-O Nc6 11. Re1 b5 12. Nf1 h6 13. Ne3 Be6 14. d4 cxd4 15.
cxd4 exd4 16. Nxd4 Nxd4 17. Qxd4 Rc8 1/2-1/2

[Event "First Saturday 2009 november IM"]
[Site "Budapest"]
[Date "2009.11.15"]
[Round "9"]
[White "Farago, Sandor"]
[Black "Szalanczy, Emil"]
[Result "1/2-1/2"]
[WhiteElo "2249"]
[BlackElo "2295"]
[PlyCount "108"]
[EventDate "2009.11.07"]

1. Nf3 c5 2. c4 Nc6 3. d4 g6 4. d5 Na5 5. e4 Bg7 6. Qc2 e5 7. Bd2 b6 8. a3 Nb7
9. Nc3 d6 10. h3 f6 11. Bd3 Nh6 12. g4 Nf7 13. O-O-O Bd7 14. Kb1 a6 15. Be3 O-O
16. Nd2 Rb8 17. f3 Qe7 18. h4 Rfc8 19. Rdg1 h6 20. a4 Na5 21. b3 Qe8 22. Kc1 b5
23. axb5 axb5 24. Kd1 bxc4 25. bxc4 Rb4 26. Ke2 Rcb8 27. Rb1 Qc8 28. Qa2 Ra8
29. Ra1 f5 30. gxf5 gxf5 31. Qc2 f4 32. Bf2 Bf6 33. Ra2 Rbb8 34. Qd1 Kh7 35.
Qa1 Qd8 36. Ra3 Nb7 37. Nb5 Rxa3 38. Qxa3 Ra8 39. Qb2 Ra4 40. Be1 Qa5 41. Nc3
Rb4 42. Qc1 h5 43. Bf2 Nh6 44. Rg1 Bd8 45. Qf1 Rb2 46. Qg2 Ng4 47. Ncb1 Qa2 48.
Be1 Ba5 49. fxg4 hxg4 50. Kf1 Nd8 51. Qe2 f3 52. Qe3 Nf7 53. Nxf3 Rxb1 54. Bxb1
Qxb1 {after 61 move} 1/2-1/2

[Event "First Saturday 2009 november IM"]
[Site "Budapest"]
[Date "2009.11.15"]
[Round "9"]
[White "Lyell, Mark"]
[Black "Toth, Ervin"]
[Result "1-0"]
[WhiteElo "2245"]
[BlackElo "2388"]
[PlyCount "193"]
[EventDate "2009.11.07"]

1. e4 e6 2. d4 d5 3. e5 c5 4. c3 Nc6 5. Nf3 Bd7 6. Be2 Qc7 7. O-O f6 8. Bf4
Nge7 9. Bd3 Ng6 10. Bg3 Qb6 11. Qc2 f5 12. dxc5 Bxc5 13. Nbd2 Rc8 14. Nb3 Be7
15. Qe2 O-O 16. h4 Qd8 17. h5 Nh4 18. Bxh4 Bxh4 19. Nfd4 f4 20. Rae1 Qg5 21.
Bc2 a6 22. Bd1 Rce8 23. Qg4 Nxd4 24. Nxd4 Qd8 25. Bc2 Bg5 26. Rd1 Bh6 27. Rfe1
b5 28. Rd3 Qe7 29. Rh3 Rc8 30. Qf3 Be8 31. Qd3 g6 32. hxg6 Bxg6 33. Qe2 Kg7 34.
Qg4 Rce8 35. f3 Qg5 36. Qxg5 Bxg5 37. Bxg6 Kxg6 38. Kf2 Rf7 39. Rhh1 Rc7 40.
Ke2 h6 41. Kd3 Kf7 42. a4 bxa4 43. Ra1 Rc4 44. Ra2 Rg8 45. Rha1 Be7 46. Rxa4
Rxa4 47. Rxa4 Rxg2 48. Rxa6 Rf2 49. Ra7 Ke8 50. Nxe6 Rxf3+ 51. Kd4 Rf1 52. Nc7+
Kf8 53. Nxd5 Rd1+ 54. Ke4 f3 55. Ra8+ Kf7 56. e6+ Kxe6 57. Nf4+ Kd6 58. Kxf3
Bg5 59. Ra6+ Ke5 60. Ra5+ Kd6 61. Ke2 Rh1 62. Nd3 Rh2+ 63. Kf3 Rh3+ 64. Ke4
Rh4+ 65. Kf5 Bd2 66. Ra6+ Kc7 67. Nb4 h5 68. Nd5+ Kb7 69. Rb6+ Ka7 70. Rc6 Rh2
71. b4 h4 72. Kg4 Be1 73. b5 Rg2+ 74. Kh3 Rg3+ 75. Kh2 Rg7 76. c4 Rd7 77. Kh3
Bf2 78. Rf6 Bg3 79. Nb4 Be1 80. Nc6+ Kb7 81. c5 Bc3 82. Rh6 Be1 83. Ne5 Re7 84.
Nc4 Bg3 85. c6+ Kb8 86. b6 Re8 87. Rh7 Rg8 88. Rd7 Rh8 89. Rb7+ Kc8 90. Ra7 Kb8
91. c7+ Bxc7 92. Rxc7 Rh6 93. Rc5 Kb7 94. Rb5 Rh8 95. Rb3 Kc6 96. b7 Kc7 97.
Na5 1-0

[Event "First Saturday 2009 november IM"]
[Site "Budapest"]
[Date "2009.11.16"]
[Round "10"]
[White "Szalanczy, Emil"]
[Black "Lyell, Mark"]
[Result "1/2-1/2"]
[WhiteElo "2295"]
[BlackElo "2245"]
[PlyCount "95"]
[EventDate "2009.11.07"]

1. e4 e5 2. Nf3 Nc6 3. Bb5 f5 4. Nc3 fxe4 5. Nxe4 Nf6 6. Qe2 d5 7. Nxf6+ gxf6
8. d4 Bg7 9. dxe5 O-O 10. e6 Ne5 11. Be3 c6 12. Bd3 Bxe6 13. O-O-O Qc8 14. Nd4
Bd7 15. Qh5 f5 16. f4 Ng4 17. Bg1 c5 18. Nf3 Qc7 19. Qg5 h6 20. Qe7 Qxf4+ 21.
Rd2 Qa4 22. c3 Rf7 23. Qxc5 Qxa2 24. Bb1 Qa1 25. Qxd5 Bxc3 26. bxc3 Qxc3+ 27.
Rc2 Qa3+ 28. Kd2 Bc6 29. Rxc6 bxc6 30. Qc4 Qb2+ 31. Bc2 Rd8+ 32. Bd4 Ne5 33.
Nxe5 Rxd4+ 34. Nd3 Kg7 35. Rb1 Rxc4 36. Rxb2 Rd7 37. g3 f4 38. Ke2 fxg3 39.
hxg3 Re7+ 40. Kf3 Rc3 41. Kf2 a5 42. Nf4 Kf6 43. Bd1 Rc5 44. Rd2 Rb5 45. Rd6+
Kg5 46. Rxc6 Kf5 47. Rxh6 Rb2+ 48. Ne2 {after 27 move} 1/2-1/2

[Event "First Saturday 2009 november IM"]
[Site "Budapest"]
[Date "2009.11.17"]
[Round "11"]
[White "Farago, Sandor"]
[Black "Lengyel, Bela"]
[Result "1/2-1/2"]
[WhiteElo "2249"]
[BlackElo "2271"]
[PlyCount "34"]
[EventDate "2009.11.07"]

1. e4 e5 2. Nf3 Nc6 3. Bc4 Nf6 4. d3 Be7 5. O-O O-O 6. Re1 d6 7. c3 a6 8. Bb3
Na5 9. Bc2 c5 10. Nbd2 b5 11. h3 Nc6 12. Nf1 h6 13. Ne3 Be6 14. d4 cxd4 15.
cxd4 exd4 16. Nxd4 Nxd4 17. Qxd4 Rc8 1/2-1/2

[Event "First Saturday 2009 november IM"]
[Site "Budapest"]
[Date "2009.11.17"]
[Round "11"]
[White "Lyell, Mark"]
[Black "Turzo, Attila"]
[Result "0-1"]
[WhiteElo "2245"]
[BlackElo "2276"]
[PlyCount "116"]
[EventDate "2009.11.07"]

1. e4 d5 2. exd5 Qxd5 3. Nf3 Bg4 4. Be2 Nf6 5. d4 e6 6. c4 Qd8 7. O-O Be7 8. h3
Bh5 9. Qb3 Qc8 10. Nc3 O-O 11. Bf4 Bd6 12. Be3 c6 13. d5 exd5 14. cxd5 cxd5 15.
Nxd5 Nbd7 16. Rfd1 Qb8 17. Bg5 Ne4 18. Ne7+ Kh8 19. Qd5 Nxg5 20. Qxg5 Bxe7 21.
Qxh5 Nf6 22. Qe5 Qxe5 23. Nxe5 Kg8 24. Bf3 Rad8 25. g4 g5 26. Nc4 b6 27. Ne3
Bc5 28. Nf5 Rfe8 29. h4 gxh4 30. Nxh4 Rd4 31. Rxd4 Bxd4 32. Rd1 Bc5 33. Nf5 Kf8
34. Kg2 Ne4 35. Rd7 a5 36. Bxe4 Rxe4 37. Kf3 Re1 38. Rd8+ Re8 39. Rd7 Re1 40.
Rd8+ Re8 41. Rxe8+ Kxe8 42. a4 Kd7 43. Ke2 Ke6 44. f4 Kd5 45. Kd3 Bg1 46. Nh6
Bh2 47. f5 f6 48. Nf7 Bc7 49. b3 Kc5 50. Kc3 Kd5 51. Kd3 Bh2 52. Nd8 Ke5 53.
Ke3 Bg1+ 54. Kf3 Kd4 55. g5 fxg5 56. f6 Ke5 57. f7 Bc5 58. Kg4 Kf6 0-1

[Event "First Saturday 2009 november IM"]
[Site "Budapest"]
[Date "2009.11.17"]
[Round "11"]
[White "Kislik, Erik Andrew"]
[Black "Szalanczy, Emil"]
[Result "0-1"]
[WhiteElo "2349"]
[BlackElo "2295"]
[PlyCount "113"]
[EventDate "2009.11.07"]

1. d4 c5 2. d5 e6 3. e4 d6 4. c4 exd5 5. exd5 g6 6. Nc3 Bg7 7. Nf3 Ne7 8. h3
O-O 9. Bd3 Nf5 10. O-O Nd4 11. Re1 Nd7 12. Nxd4 cxd4 13. Nb5 Qb6 14. a4 a6 15.
a5 axb5 16. axb6 Rxa1 17. cxb5 Ne5 18. Bf1 g5 19. Qd2 h6 20. Qb4 Rd8 21. Bd2
Rxe1 22. Bxe1 Bf5 23. Bd2 Ra8 24. Be2 Ra1+ 25. Kh2 Ng6 26. Qc4 Be4 27. f3 Bf5
28. Bd3 Ne5 29. Qc7 Nxd3 30. Qxb7 Be5+ 31. g3 Rf1 32. Qa8+ Kg7 33. b7 Rf2+ 34.
Kg1 Bxh3 35. Qc8 Bxc8 36. bxc8=Q Rxd2 37. b6 Bxg3 38. b7 Nf4 39. Qc4 Rg2+ 40.
Kh1 Rh2+ 41. Kg1 Nh3+ 42. Kf1 Rf2+ 43. Ke1 Rc2+ 44. Kd1 Rxc4 45. b8=Q Be5 46.
Qb3 Rc5 47. Qa4 Nf4 48. b4 Rc4 49. Qa5 d3 50. b5 Rc5 51. Qa6 Nxd5 52. b6 Nxb6
53. Qxb6 Bf4 54. Qb2+ Kg6 55. Ke1 d2+ 56. Ke2 Re5+ 57. Kf2 0-1

[Event "First Saturday 2009 november IM"]
[Site "Budapest"]
[Date "2009.11.17"]
[Round "11"]
[White "Simonyi, Zoltan"]
[Black "Toth, Ervin"]
[Result "1-0"]
[WhiteElo "2192"]
[BlackElo "2388"]
[PlyCount "107"]
[EventDate "2009.11.07"]

1. e4 c5 2. c3 e6 3. d4 d5 4. exd5 exd5 5. Nf3 Nf6 6. Be2 Nc6 7. O-O Be7 8. Be3
cxd4 9. Nxd4 O-O 10. Nd2 Re8 11. Bf3 Bd7 12. Qb3 Na5 13. Qc2 Rc8 14. Rfe1 Qc7
15. Nf5 Bxf5 16. Qxf5 Bd6 17. g3 Re5 18. Qd3 Rce8 19. Nf1 Nc4 20. b3 Nxe3 21.
Rxe3 Ne4 22. b4 g6 23. Rd1 Bf8 24. Bxe4 dxe4 25. Qd7 Qb6 26. Re2 Qa6 27. Red2
Bh6 28. Ne3 Bxe3 29. fxe3 h5 30. Rf2 R5e7 31. Qd5 Qb6 32. Rd4 Kg7 33. a4 h4 34.
gxh4 Qc7 35. c4 Qc8 36. Rf4 f5 37. c5 Kh6 38. Kf2 a5 39. h5 Kxh5 40. b5 Qe6 41.
Qxe6 Rxe6 42. Kg3 Re5 43. Rh4+ Kg5 44. Rh7 R8e7 45. h4+ Kf6 46. Rd6+ R5e6 47.
Rxe7 Kxe7 48. Rd5 Rf6 49. Kf4 Rf8 50. Rd6 Rh8 51. Rxg6 Rxh4+ 52. Kxf5 Rh5+ 53.
Rg5 Rh7 54. Kxe4 1-0